| 000 | 00655nam a2200229 a 4500 | ||
|---|---|---|---|
| 001 | 000013722 | ||
| 005 | 20200929163326.0 | ||
| 008 | 091128s1992 sp 001 f spa d | ||
| 020 | _a8420632023 | ||
| 040 |
_aDO-SdBNP _bspa _cBNPHU |
||
| 082 |
_a863.64 _bG925m, 1992 |
||
| 100 | 1 |
_aGuelbenzu, José María, _d1944- _915059 |
|
| 245 | 1 | 3 |
_aLa mirada / _cJosé María Guelbenzu. |
| 250 | _a2a ed. | ||
| 260 |
_aMadrid : _bAlianza, _c1992. |
||
| 300 |
_a132 p. ; _c20 cm. |
||
| 490 | 1 |
_aAlianza tres _v202 |
|
| 650 | 4 |
_aNovela española _91123 |
|
| 650 | 4 |
_aLiteratura española _ySIGLO XX _93326 |
|
| 830 | 0 |
_aAlianza tres ; _v202 _921396 |
|
| 049 | _aBNGR | ||
| 999 |
_c13335 _d13335 |
||